000 00426nam a2200169 i 4500
001 bg
100 1 _aBRAY, K. H. M.
245 0 _aMatrix analysis of structures /
_cK.H.M. Bray, P.C.L. Croxton, L.H. Martin.
260 _aLondon,
_c1976.
700 1 _aCROXTON, P. C. L.
700 1 _aMARTIN, L. H.
040 _cBPK
041 _apol
080 _a512.64:624
942 _cKS
008 s pl f |000 0 pol
999 _c18728
_d18728
856 _uhttp://koha.tu.koszalin.pl/cgi-bin/koha/opac-detail.pl?biblionumber=18728
_yKatalog online BPK